الاقتصاد والإدارة في مصر : (Record no. 14198)
[ view plain ]
| 000 -الفاتح | |
|---|---|
| حقل البيانات ثابتة الطول | 01054nam a22001937a 4500 |
| 008 - عناصر البيانات ثابتة الطول - معلومات عامة | |
| حقل البيانات ثابتة الطول | 100623s1968 xxu|||||r|||| 00| 0 ara d |
| 082 ## - رقم تصنيف ديوى العشرى | |
| رقم التصنيف | 338.162 |
| رقم المادة | ر ي ف |
| 100 ## - المدخل الرئيسى - إسم شخصى | |
| 9 (RLIN) | 15128 |
| الإسم الشخصى | ريفلين، هيلين آن |
| 245 ## - بيان العنوان | |
| العنوان | الاقتصاد والإدارة في مصر : |
| بقية العنوان | في مستهل القرن التاسع عشر / |
| بيان المسئوليه,etc | هيلين آن ريفلين ؛ ترجمة أحمد عبد الرحيم مصطفى ، مصطفى الحسينى |
| 260 ## - PUBLICATION, DISTRIBUTION, ETC. (IMPRINT) | |
| مكان الناشر او الموزع | القاهرة : |
| اسم الناشر او الموزع | دار المعارف ، 1968 |
| تاريخ النشر أو التوزيع | 1968 |
| 300 ## - الوصف المادى | |
| التعداد | ص ؛ 438 |
| تفاصيل ماديه اخرى للوعاء | 24 سم |
| 490 ## - بيان السلسلة | |
| -- | 15119 |
| عنوان السلسلة | مكتبة التاريخ العربي الحديث |
| 650 ## - المدخل الاضافى بالموضوع-مصطلح موضوعى | |
| 9 (RLIN) | 15139 |
| مصطلح موضوعي أو اسم جغرافي كعنصر مدخل | الزراعة |
| التقسيم الفرعي العام | اقتصاديات |
| التقسيم الفرعي الجغرافي | مصر |
| 650 ## - المدخل الاضافى بالموضوع-مصطلح موضوعى | |
| 9 (RLIN) | 15147 |
| مصطلح موضوعي أو اسم جغرافي كعنصر مدخل | نظام الإدارة |
| التقسيم الفرعي الجغرافي | مصر |
| 700 ## - المدخل الاضافى - اسم شخصى | |
| 9 (RLIN) | 15168 |
| الإسم الشخصى | أحمد عبد الرحيم مصطفى |
| الدور | ترجمة |
| 700 ## - المدخل الاضافى - اسم شخصى | |
| 9 (RLIN) | 15169 |
| الإسم الشخصى | مصطفى الحسينى |
| الدور | ترجمة |
| 942 ## - عناصر المدخل الإضافي( كوها) | |
| مصدر التصنيف او مخطط الترفيف | Dewey Decimal Classification |
| Koha [default] item type | Book - Borrowing |
| حالة التراجع | حالة الفقد | مصدر التصنيف او خطة الترفيف | حالة تلف | ليس للاعارة | مجموعات كوها | المكان الدائم | المكان الحالي | موقع الترفيف | تاريخ الاكتساب | Source of acquisition | رقم الاستدعاء | الباركود | Date last checked out | Date last seen | مُعار | نوع الوعاء |
|---|---|---|---|---|---|---|---|---|---|---|---|---|---|---|---|---|
| Dewey Decimal Classification | Central Library | Central Library | First floor | 23/06/2010 | 338.162 ر ي ف | 000021057 | 21/05/2026 | 29/05/2025 | 29/05/2025 | Book - Borrowing |